000 00931nmm a2200337 a 4500
003 AR-BaBNM
005 20251128210212.0
008 199019s1970 ||||||||||||||000 | spa||
040 _cAR-BaBNM
100 1 _aFerrer, Aldo
245 1 0 _aLa economía argentina
_blas etapas de su desarrollo y problemas actuales
250 _a2ª ed.
260 _aBuenos Aires
_bFondo de Cultura Económica
_c1970
300 _a266 p.
500 _aNota sobre los términos utilizados p. 259-262
650 4 _aSIGLO DIECINUEVE
650 4 _aDESARROLLO ECONOMICO Y SOCIAL
650 4 _aSIGLO VEINTE
650 4 _aIDEOLOGIAS POLITICAS
650 4 _aPOLITICA SOCIAL
650 4 _aPOLITICA
650 4 _aFINANZAS
650 4 _aDEUDA PUBLICA
650 4 _aPOLITICA ECONOMICA
650 4 _aPOLITICA INTERNA
650 4 _aECONOMIA INDUSTRIAL
651 4 _aArgentina
653 _aPOSTGUERRA
942 _cBK
998 _cCarmen
999 _c14486
_d14486